Gaming Quiz

Random Gaming or Pokémon Quiz

Guess all Pokemon, that DO NOT evolve Quiz Stats

 Plays Quiz not verified by Sporcle

Challenge
Share
Tweet
Embed
Score 0/115 Timer 15:00
0 Plays Today
Data Pokemon % Correct
Ice/ Flying Type - Gen 1Articuno
91.6%
Electric/Flying Type - Gen 1Zapdos
91.3%
Fire/Flying Type - Gen 1Moltres
91.3%
Psychic Type - Gen 1Mew
89%
Psychic Type - Gen 1Mewtwo
88.7%
Water/Ice Type - Gen 1Lapras
86.7%
Normal/Flying Type - Gen 1Farfetch'd
84.1%
Rock/Flying Type - Gen 1Aerodactyl
82%
Bug Type - Gen 1Pinsir
81.7%
Normal Type - Gen 1Tauros
79.4%
Fire Type - Gen 2Entei
78.3%
Psychic/Flying Type - Gen 2Lugia
78%
Water Type - Gen 2Suicune
77.7%
Fire/Flying Type - Gen 2Ho-Oh
77.7%
Water Type - Gen 3Kyogre
77.7%
Ground (Ground/Fire) Type - Gen 3Groudon
77.7%
Dragon/Flying Type - Gen 3Rayquaza
77.4%
Electric Type - Gen 2Raikou
76.8%
Psychic/Grass Type - Gen 2Celebi
75.4%
Water/Dragon Type - Gen 4Palkia
75.4%
Steel/Dragon Type - Gen 4Dialga
74.8%
Bug/Fighting Type - Gen 2Heracross
73.3%
Ice Type - Gen 3Regice
73%
Steel Type - Gen 3Registeel
73%
Rock Type - Gen 3Regirock
72.8%
Steel/Psychic Type - Gen 3Jirachi
72.5%
Steel/Flying Type - Gen 2Skarmory
72.2%
Dragon/Psychic Type - Gen 3Latias
72.2%
Dragon/Psychic Type - Gen 3Latios
72.2%
Ghost/Dragon Type - Gen 4Giratina
72.2%
Psychic Type - Gen 3Deoxys
71.9%
Dark Type - Gen 4Darkrai
71.9%
Normal Type - Gen 1Kangaskhan
71%
Normal Type - Gen 1Ditto
71%
Grass (Grass/Flying) Type - Gen 4 Shaymin
69.9%
Electric/Ghost (Water,Grass,Ice,Fire,Flying/Ghost) Type - Gen 4Rotom
69.6%
Fairy Type - Gen 6Xerneas
69.6%
Dark/Ghost Type - Gen 3Sableye
69%
Fire/Steel Type - Gen 4Heatran
68.7%
Data Pokemon % Correct
Psychic/Normal Type - Gen 2Girafarig
68.1%
Psychic Type - Gen 4Uxie
67.5%
Psychic Type - Gen 4Azelf
67.5%
Fire/Dragon Type - Gen 5Reshiram
67.5%
Dragon/Ground Type - Gen 6Zygarde
67.5%
Ice/Flying Type - Gen 2Delibird
67.2%
Dark/Flying Type - Gen 6Yveltal
67.2%
Normal Type - Gen 4Regigigas
67%
Psychic Type - Gen 4Mesprit
66.7%
Rock/Fairy Type - Gen 6Diancie
66.7%
Normal Type - Gen 4Arceus
66.4%
Electric/Dragon Type - Gen 5Zekrom
66.4%
Water/Fire Type - Gen 6Volcanion
66.1%
Grass/Flying Type - Gen 3Tropius
65.8%
Water Type - Gen 4Phione
65.8%
Rock/Psychic Type - Gen 3Solrock
65.5%
Water Type - Gen 4Manaphy
65.5%
Rock/Psychic Type - Gen 3Lunatone
64.9%
Electric/Fairy Type - Gen 6Dedenne
64.9%
Water/Poison Type - Gen 2Qwilfish
64.6%
Electric Type - Gen 3Plusle
64.3%
Ice/Dragon Type - Gen 5Kyurem
64.3%
Water/Fighting Type - Gen 5Keldeo
64.3%
Electric Type - Gen 3Minun
64.1%
Psychic Type - Gen 4Cresselia
63.8%
Fire/Psychic Type - Gen 5Victini
63.8%
Rock/Fighting Type - Gen 5Terrakion
63.8%
Psychic/Ghost (Psychic/Dark) Type - Gen 6Hoopa
63.8%
Steel/Fighting Type - Gen 5Cobalion
63.2%
Steel/Fairy Type - Gen 3Mawile
62.9%
Grass/Fighting Type - Gen 5Virizion
62.6%
Flying Type - Gen 5Tornadus
62.3%
Fighting/Flying Type - Gen 6Hawlucha
62.3%
Normal Type - Gen 2Miltank
62%
Ground/Flying Type - Gen 5Landorus
62%
Electric/Flying Type - Gen 5Emolga
61.7%
Normal (Fire,Water,Ice) Type - Gen 3Castform
61.4%
Electric/Flying Type - Gen 5Thundurus
60.9%
Normal/Psychic (Normal/Fighting) Type - Gen 5Meloetta
60.9%
Data Pokemon % Correct
Rock/Bug Type - Gen 2Shuckle
60.3%
Bug/Steel Type - Gen 5Genesect
60%
Electric Type - Gen Pachirisu
59.7%
Fighting Type - Gen 5Sawk
59.4%
Water/Rock Type - Gen 2Corsola
58.8%
Fire Type - Gen 3Torkoal
58.8%
Dark Type - Gen 3Absol
58.8%
Water/Rock Type - Gen 3Relicanth
58.8%
Dark/Ghost Type - Gen 4Spiritomb
58%
Rock/Fairy Type - Gen 6Carbink
58%
Bug Type - Gen 3Illumise
57.7%
Fighting Type - Gen 5Throh
57.7%
Bug Type - Gen 3Volbeat
57.4%
Poison Type - Gen 3Seviper
57.4%
Steel/Fairy Type - Gen 6Klefki
57.4%
Dragon Type - Gen 5Druddigon
57.1%
Electric/Ground Type - Gen 5Stunfisk
56.5%
Psychic Type - Gen 2Unown
55.7%
Normal Type - Gen 3Zangoose
55.7%
Normal Type - Gen 2Stantler
55.4%
Fire Type - Gen 5Heatmor
55.4%
Bug/Steel Type - Gen 5Durant
55.4%
Normal Type - Gen 2Smeargle
54.8%
Water Type - Gen 3Luvdisc
54.2%
Normal (Normal/Fairy) Type - Gen 5Audino
53.9%
Psychic/Flying Type - Gen 5Sigilyph
53.6%
Normal Type - Gen 3Kecleon
53%
Ice Type - Gen 5Cryogonal
51.3%
Normal Type - Gen 2Dunsparce
51%
Normal Type - Gen 3Spinda
47.2%
Water Type - Gen 5Basculin
46.7%
Normal/Flying Type - Gen 4Chatot
45.2%
Grass Type - Gen 4Carnivine
44.9%
Normal Type - Gen 5Bouffalant
43.5%
Grass Type - Gen 5Maractus
42.9%
Water Type - Gen 5Alomomola
42.9%
Normal Type - Gen 6Furfrou
42%

You're not logged in!

Compare scores with friends on all Sporcle quizzes.
Join for Free
OR
Log In

You Might Also Like...

Show Comments

Extras

Top Quizzes Today


Score Distribution

Your Account Isn't Verified!

In order to create a playlist on Sporcle, you need to verify the email address you used during registration. Go to your Sporcle Settings to finish the process.

Report this User

Report this user for behavior that violates our Community Guidelines.

Details: